| 000 | 00449cam a2200181ua 4500 | ||
|---|---|---|---|
| 001 | 3171 | ||
| 008 | 111012n ii |||gr||||Z||||||asm | ||
| 040 | _cMAIN | ||
| 082 | _a891.4513 | ||
| 100 | 1 | _aBardoloi, Rajani Kanta, | |
| 245 | 1 | 1 |
_aTamreswarir mandir _cby Rajani Kanta Bardoloi |
| 250 | _a1st. | ||
| 260 |
_aGuahati: _bSahitya Prakash,987. |
||
| 300 |
_a83p: _c23cm. |
||
| 653 | _aAssamese novel | ||
| 653 | _aTamreswarir mandir | ||
| 942 | _cBK | ||
| 999 |
_c3017 _d3017 |
||